000 00423nam a2200193Ia 4500
005 20240823035606.0
008 240823s9999||||xx |||||||||||||| ||und||
020 _a978-0-14-306774-0
041 _aENGLISH
082 _A823.92 Q2
100 _aAvan Jesia
245 0 _aTower
250 _a1st
260 _c2012
_b"Penguin Books,En"
500 _aYES
650 _aTower
_bGeneral
942 _cBK
999 _c201057
_d201057